La interpretación de los no-acuerdos en contexto de violencia de género familiar económica / (Registro nro. 5477)
[ vista simple ]
| 000 -LEADER | |
|---|---|
| fixed length control field | 01417nab a22002777a 4500 |
| 003 - CONTROL NUMBER IDENTIFIER | |
| control field | OSt |
| 005 - DATE AND TIME OF LATEST TRANSACTION | |
| control field | 20251123231404.0 |
| 008 - FIXED-LENGTH DATA ELEMENTS--GENERAL INFORMATION | |
| fixed length control field | 190603e xxum|||| |||| 00| 0 spa d |
| 040 ## - CATALOGING SOURCE | |
| Transcribing agency | PJ |
| 100 ## - MAIN ENTRY--PERSONAL NAME | |
| 9 (RLIN) | 6475 |
| Personal name | Ortiz, Diego Oscar |
| 245 13 - TITLE STATEMENT | |
| Title | La interpretación de los no-acuerdos en contexto de violencia de género familiar económica / |
| Statement of responsibility, etc | Diego Oscar Ortiz. |
| 260 ## - PUBLICATION, DISTRIBUTION, ETC. (IMPRINT) | |
| Date of publication, distribution, etc | Ciudad Autónoma de Buenos Aires : |
| Place of publication, distribution, etc | Thomson Reuters La Ley, |
| Name of publisher, distributor, etc | 2025. |
| 300 ## - PHYSICAL DESCRIPTION | |
| Extent | p. 127-133 |
| 500 ## - GENERAL NOTE | |
| General note | Cita Online: TR LALEY AR/DOC/55/2025.<br/> |
| 505 ## - FORMATTED CONTENTS NOTE | |
| Formatted contents note | Sumario: I. Introducción.— II. Los hechos del caso.— III. Los acuerdos entre cónyuges.— IV. La violencia como vicio de la voluntad.— V. El menoscabo de recursos y los supuestos de violencia económica.— VI. Conclusión. |
| 505 ## - FORMATTED CONTENTS NOTE | |
| Title | Fallo comentado: ST Río Negro ~ 12/08/2024 ~ A. L. G. C. C. M. M. s/ varios s/ casación. |
| 505 ## - FORMATTED CONTENTS NOTE | |
| Title | ¿Te interesa el texto completo? Solicitalo al correo: koha@justierradelfuego.gov.ar<br/> |
| 650 #0 - SUBJECT ADDED ENTRY--TOPICAL TERM | |
| 9 (RLIN) | 3053 |
| Topical term or geographic name as entry element | VIOLENCIA DE GÉNERO |
| 650 #0 - SUBJECT ADDED ENTRY--TOPICAL TERM | |
| 9 (RLIN) | 1134 |
| Topical term or geographic name as entry element | VIOLENCIA FAMILIAR |
| 650 #0 - SUBJECT ADDED ENTRY--TOPICAL TERM | |
| 9 (RLIN) | 4044 |
| Topical term or geographic name as entry element | PERSPECTIVA DE GÉNERO |
| 650 #0 - SUBJECT ADDED ENTRY--TOPICAL TERM | |
| 9 (RLIN) | 723 |
| Topical term or geographic name as entry element | REGIMEN PATRIMONIAL DEL MATRIMONIO |
| 650 #0 - SUBJECT ADDED ENTRY--TOPICAL TERM | |
| 9 (RLIN) | 1022 |
| Topical term or geographic name as entry element | LIQUIDACION DE LA SOCIEDAD CONYUGAL |
| 650 #0 - SUBJECT ADDED ENTRY--TOPICAL TERM | |
| 9 (RLIN) | 5369 |
| Topical term or geographic name as entry element | CÓNYUGE |
| 773 0# - HOST ITEM ENTRY | |
| Host Biblionumber | 2713 |
| Host Itemnumber | 3170 |
| Place, publisher, and date of publication | Ciudad Autónoma de Buenos Aires : Thomson Reuters La Ley, 2015- |
| Title | Revista Código Civil y Comercial. Nº 2 - Abril 2025 |
| 942 ## - ADDED ENTRY ELEMENTS (KOHA) | |
| Source of classification or shelving scheme | |
| Koha item type | Analítica Artículo de Revista |
No hay ítems disponibles.
